La revista eclesiástica periódico religioso que comprende artículos escogidos, opúsculos, decretos de la silla Apostólica...

Detalles Bibliográficos
Autor principal: BASSOLS, Narciso
Formato: Libro
Publicado: Puebla 1882
Materias:
Colección:Banco de datos
Acervo:Biblioteca del Convento de San Pablo. Yuririahupándaro. Guanajuato
Descripción Física:t. IV
Tema general:Revistas
Notas:Buena. Ex libris manuscrito de A. Vázquez Yuriria. 3H1, 44.
LEADER 00778nam a22002050004500
035 |a 37486 
036 |a 3127 
100 1 |a BASSOLS, Narciso 
245 1 0 |a La revista eclesiástica periódico religioso que comprende artículos escogidos, opúsculos, decretos de la silla Apostólica... 
260 |a Puebla  |b Joaquín Romero imp.  |c 1882 
300 |a t. IV 
500 |a Buena. Ex libris manuscrito de A. Vázquez Yuriria. 3H1, 44. 
650 1 0 |a Revistas 
949 |a CRG-CY 
959 |a Ex convento de San Pablo, Museo Regional de Yuririahpúndaro, Guanajuato  |b CCC9 
960 |a Convento San Pablo Yuririahpúndaro, Guanajuato  |b DD86 
961 |a Agustina  |b OA 
942 |c CRG-CY 
943 |g Biblioteca del Convento de San Pablo. Yuririahupándaro. Guanajuato 
999 |c 958152  |d 958152